| 000 | 00820nas a2200277 4500 | ||
|---|---|---|---|
| 001 | BR9902816 | ||
| 003 | BR-BrBNA | ||
| 005 | 20231205101430.0 | ||
| 007 | ta | ||
| 008 | 230509b bl.|||p| |||| 00| 00por d | ||
| 040 |
_aBR-BrBNA _bpor _cBiblioteca Nacional de Agricultura |
||
| 041 | _a(En) | ||
| 072 | _aH10 | ||
| 100 | 1 | _aGoncalves-Alvim, S.J. | |
| 100 | 1 | _aFaria, M.L. | |
| 100 | 1 | _aFernandes, G.W. | |
| 245 | 1 | _aRelationships between four neotropical species of Galling insects and shoot vigor | |
| 650 | _aDiptera | ||
| 650 | _aHomoptero | ||
| 650 | _aCompositae | ||
| 650 | _aGalha | ||
| 650 | _aRamo | ||
| 773 | 0 |
_tAnais da Sociedade Entomologica do Brasil (Brazil) _xISSN 0301-8059 _g(Mar 1999), v. 28(1) p. 147-155 _wBR9902816 |
|
| 909 |
_a202311 _bLúcia _c55 _dLúcia Elande |
||
| 942 |
_2AGRIS _n0 _cANA |
||
| 999 |
_c161811 _d161811 |
||